| 000 | 005250000a22001930004500 | ||
|---|---|---|---|
| 999 |
_c47315 _d47315 |
||
| 001 | 57 | ||
| 003 | CO-MdFUSB | ||
| 005 | 20170719161749.0 | ||
| 008 | 170713b xxu||||| |||| 00| 0 eng d | ||
| 020 | _a958-04-5343-8 | ||
| 040 | _cCO-MdBIC | ||
| 082 | 0 | 4 | _a863C F854jf |
| 100 | 1 | _aBourgeois, Paulette | |
| 245 | 1 | 0 | _aFranklin juega al fútbol / Paulette Bourgeois, il. Brenda Clark, Traduccíon : Ana Cristina Robledo |
| 260 | _aBogotá : Norma | ||
| 300 | _a[ 32 P. ] | ||
| 650 | 1 | 4 | _aLiteratura infantil |
| 942 | _cLGB | ||